US States with least Amtrak stops - Statistics

General Stats
  • This quiz has been taken 510 times
  • The average score is 10 of 13
Answer Stats
Number
of Stops
State Amtrak Route Name
(if applicable)
% Correct
0 Alaska
94%
0 Hawaii
92%
0 Wyoming
87%
1 Idaho Empire Builder
86%
0 South Dakota
86%
4 Utah California Zephyr
81%
3 Nevada California Zephyr
79%
4 New Hampshire Downeaster
70%
3 Rhode Island
70%
3 Alabama Crescent
68%
2 Delaware
67%
4 Kentucky Cardinal
53%
2 Tennessee City of New Orleans
50%
No matching quizzes found
Score Distribution
Percent of People with Each Score
Percentile by Number Answered
Your Score History
You have not taken this quiz